000 00991nam a2200253 a 4500
001 44251
003 BD-RjUL
005 20211209053826.0
008 160716s 1980bg a|||| |||| 00| 0 ben d
020 _c: Tk.30.00
035 _a(BD-RjUL)44369
040 _aBD-RjUL
_bben
_cBD-RjUL
041 _aben
082 _223
_a306
_bABP 1980
100 _aআবদুল্লাহ, আবি
_9118213
245 1 0 _aপ্রসঙ্গঃ সংস্কৃতি আর্য বনাম অনার্য /
_cআবি আবদুল্লাহ
260 _aঢাকা :
_bশাফা প্রকাশনী,
_c১৯৮০
300 _a[১০],২২৬পৃ. :
_bচিত্র ;
_c২১ সেমি.
500 _aনির্ঘন্ট সংযুক্ত
504 _aগ্রন্থ পঞ্জি সংযুক্ত
650 _aসংস্কৃত নৃ-বিজ্ঞান
_9210925
650 _aCultural anthropology
_9166497
942 _2ddc
_cBK
999 _c44251
_d44251